00971nam a2200241 a 4500001001000000003000500010005001700015008004100032010001100073011001100084040000900095100003900104245018300143260004100326500006000367502007600427650003600503650002900539650001600568650002500584650005000609856007000659000111252CHAP20220329144204.0150122s2014 mx a fsm |||||||spa d a107714 a108686 cCHAP1 aVara Domínguez, Nohemy Margarita10aUso de pasta detoxificada de higuerilla (Ricinus communis L.) como alimentos para pollos de engorda (Gallus gallus domesticus)h[En línea]cpor Nohemy Margarita Vara Dominguez. aChapingo, Méx. :bEl autor,c2014. aPara ver el contenido del material haga clic en la liga aTesis (Ing. Agr. Esp. en Zootecnia) -- UACH. Departamento de Zooctecnia14aAves de corralxAlimentación.14aAves de corralxEngorda.14aHiguerilla.14aPastas alimenticias.14aProteínas en nutrición de aves de corral. aFinding aiduhttp://10.13.5.2/tesis/sist111252.pdfzTeclea aquí